| 000 | 00617nam a2200217 a 4500 | ||
|---|---|---|---|
| 001 | 000031226 | ||
| 005 | 20200930062803.0 | ||
| 008 | 110615s2009 dr 000 0 spa d | ||
| 020 | _a9945405551 | ||
| 040 |
_aDO-SdBNP _bspa _cBNPHU |
||
| 100 | 1 |
_aPrud Homme, Emilio _957694 |
|
| 245 | 1 | 0 |
_aNuestro himno nacional / _cEmilio Prud Homme, José Reye. |
| 250 | _a3a ed. | ||
| 260 |
_aSanto Domingo : _bFundación Educarte, _c2009. |
||
| 300 |
_a1 v. con varias paginaciones ; _c20 cm. |
||
| 490 | 1 |
_aEducarte _v4 |
|
| 700 | 1 |
_aReye, José _957695 |
|
| 830 | 0 |
_aEducarte _v4 _957696 |
|
| 049 | _aBNPD | ||
| 049 | _aBNPD | ||
| 999 |
_c30718 _d30718 |
||